000 00873nam a2200193 a 4500
003 0
005 20250624094344.0
008 021118s19uu xx 00 eng d
050 _aPHS HQ 755.85
_b.C37 1999
100 _aCastillo, Maria Sarah Charisma Santa Teresa.
245 _aPerception of High School students on the effects of the lack of parental attention to the character development of teenagers on selected schools /
_cMaria Sarah Charisma Santa Teresa Castillo.
260 _aLas PiƱas City, Philippines :
_bSouthville International School and Colleges,
_c1999.
300 _a44 pages :
_billustrations ;
_c28 cm.
504 _aIncludes bibliographical references.
650 _aParenting
_xPsychological aspects
_zPhilippines.
650 _aCharacter
_xDevelopment
_vAdolescence
_zPhilippines.
650 _aParental influence
_zPhilippines.
942 _2lcc
_cPASS
999 _c96235
_d96235